Z jakiego kraju są te firmy? - Statystyki

Ogólne statystyki
  • Ten quiz został rozwiązany 20 razy
  • Średni wynik to 6 z 14
Statystyki odpowiedzi
Firma Państwo % Poprawnych
Temu Chiny
87%
Orange Francja
73%
Shell Wielka Brytania
73%
Lavazza Włochy
67%
Netto Dania
60%
Ryanair Irlandia
60%
Stokrotka ( Maxima ) Litwa
40%
Osram Niemcy
33%
Motul ( motoryzacja ) Francja
13%
MK Cafe Izrael
13%
AirAsia Malezja
13%
Dallmayr Niemcy
13%
Spar Holandia
7%
Shopee Malezja
7%
Nie znaleziono quizów pasujących do podanych kryteriów
Rozkład punktacji
Procent ludzi z każdym wynikiem
Percentyl według liczby udzielonych odpowiedzi
Twoja historia wyników
Nie rozwiązałeś tego quizu